000 01035nas a22001817a 4500
007 ta
008 230531e20230714xxk||||os||||o00| 0 eng d
041 _aeng
245 _aRennie v Secretary of State for the Home Department
260 _a[2023] EWHC 1794 (Admin)
_bKing's Bench Division
_c14 July 2023
520 _aThe secretary of state, who had responsibility for national fire safety legislation and guidance, had been entitled to decide not to implement recommendations made by the chair of the public inquiry into the Grenfell Tower fire to require the owner and manager of every high-rise residential building to prepare personal emergency evacuation plans for all residents whose ability to self-evacuate could be compromised.
650 _aBUILDING SAFETY ACT 2022
650 _aDISABILITY DISCRIMINATION
650 _aFIRE SAFETY
650 _aHIGH RISE BUILDINGS
651 _aUnited Kingdom
856 _uhttps://caselaw.nationalarchives.gov.uk/ewhc/admin/2023/1794
_zAvailable on the National Archives case law database
999 _c121612
_d121612